00662nam a2200217Ia 450000500170000000800410001702000290005804000190008704100120010608200140011810000220013224500750015426000310022930000100026050400220027065000150029285000110030794200070031899900170032595201020034220240320135157.0131103s9999 xx 000 0 und d a81-86804-79-XcRs.150.00 aLoreto College aEnglish a150 bPAR aParameswaran, E.G aExperimental Psychology with Advanced Experiments cE.G Parameswaran aHyderabadbNeelkamalc2003 a324p  aIncludes appendix aPsychology aLCBED  cBK c27027d77506 00102ddc4070aMAINbMAINd2013-11-04l0o150 PAR 14376pB29867r2013-11-04w2013-11-04yBKf